Technológia spojov 1

Gespeichert in:
Bibliographische Detailangaben
1. Verfasser: Kroužecká, Milada
Körperschaft: Vysoká škola ekonomická v Praze. Výrobně ekonomická fakulta
Format: Buch
Sprache:Tschechisch
Veröffentlicht: Praha Vysoká škola ekonomická 1985
Tags: Tag hinzufügen
Keine Tags, Fügen Sie das erste Tag hinzu!

MARC

LEADER 00000nam a2200000 4500
001 c105062
005 20190423103559.9
041 0 |a cze 
044 |a CZ 
245 1 0 |a Technológia spojov 1  |c Milada Kroužecká 
264 1 |a Praha  |b Vysoká škola ekonomická  |c 1985 
300 |a 177 s. 
100 1 |a Kroužecká, Milada 
710 2 |a Vysoká škola ekonomická v Praze. Výrobně ekonomická fakulta